| 000 | 00370nam a2200121 a 4500 | ||
|---|---|---|---|
| 005 | 20141022142008.0 | ||
| 008 | 120228s19uu xx 00 eng d | ||
| 050 |
_aCD-ROM _bSp1 2005 |
||
| 100 | _aSpadaccini, Michael | ||
| 245 |
_aEntrepreneurs : _bthe essential corporation handbook business and corporate forms / _cMichael Spadaccini. |
||
| 260 | _c2005. | ||
| 942 | _cAVM | ||
| 999 |
_c276613 _d276613 |
||